LEADER 01202nam 2200397 450 001 990000789630203316 010 $a0-387-94761-2 035 $a0078963 035 $aUSA010078963 035 $a(ALEPH)000078963USA01 035 $a0078963 100 $a20011205d1997----km-y0itay0103----ba 101 $aeng 102 $aUS 105 $a||||||||001yy 200 1 $aIntroduction to the theory of stability$fDavid R. Merkin$gtraslated and edited by Fred Afag and Andrei L. Smirnov 210 $aNew York$cSpringer$d1997 215 $aXX, 319 p.$d24 cm 225 2 $aTexts in applied methematics$v24 410 $12001$aTexts in applied methematics$v24 461 1$1001-------$12001 606 0 $aStabilitŕ strutturale 676 $a531.3 700 1$aMERKIN,$bDavid R.$042314 702 1$aAFAG,$bF. 702 1$aSMIRNOV,$bAndrei L. 801 0$aIT$bsalbc$gISBD 912 $a990000789630203316 951 $a531.1 MER$b10302 ING$c531.1 959 $aBK 969 $aTEC 979 $aPATTY$b90$c20011205$lUSA01$h1653 979 $c20020403$lUSA01$h1726 979 $aPATRY$b90$c20040406$lUSA01$h1654 996 $aIntroduction to the theory of stability$9349702 997 $aUNISA LEADER 01045nam0-22003731i-450- 001 990003194620403321 005 20090910104452.0 010 $a0-262-01087-9 035 $a000319462 035 $aFED01000319462 035 $a(Aleph)000319462FED01 035 $a000319462 100 $a20030910d1986----km-y0itay50------ba 101 0 $aeng 102 $aUS 200 1 $aSocial Choice and Multicriterion Decision-Making$fKenneth J.Arrow, Hervé Raynaud 210 $aCambridge (Mass.)$cThe MIT Press$d1986 215 $aVII, 127 p.$d20 cm 610 0 $aEconometria 610 0 $aTeoria dei giochi 676 $aB/1.2 676 $aB/3.2 676 $aB/3.4 700 1$aArrow,$bKenneth Joseph$f<1921- >$044429 701 1$aRaynaud,$bHervé$0376153 801 0$aIT$bUNINA$gRICA$2UNIMARC 901 $aBK 912 $a990003194620403321 952 $aD7.51$b710$fDECTS 952 $aB/3.4 ARR$b5864$fSES 959 $aDECTS 959 $aSES 996 $aSocial Choice and Multicriterion Decision-Making$9453460 997 $aUNINA LEADER 01431nam2-2200445---450- 001 990003390690203316 005 20150123130226.0 010 $a978-1-60327-240-7 010 $a978-1-60327-241-4$b(on-line) 035 $a000339069 035 $aUSA01000339069 035 $a(ALEPH)000339069USA01 035 $a000339069 100 $a20100423d2010----km-y0itay50------ba 101 $aeng 102 $aUS 105 $aa---||||001yy 200 1 $aData mining techniques for the life sciences$fedited by Oliviero Carugo, Frank Eisenhaber 210 $aNew York$cHumana Press$d2010 215 $aXII, 407 p.$cill.$d24 cm 225 2 $aMethods in molecular biology$v609 225 2 $aSpringer Protocols 410 0$1001000336582$aMethods in molecular biology$v, 609 410 0$12001$aSpringer Protocols 606 0 $aBiologia$xMetodi statistici$2BNCF 676 $a570.72 702 1$aCARUGO,$bOliviero 702 1$aEISENHABER,$bFrank 801 0$aIT$bsalbc$gISBD 912 $a990003390690203316 951 $a572.72 DAT$b5349 Farm.$c572$d00257638 959 $aBK 969 $aFAR 979 $aPAOLA$b90$c20100423$lUSA01$h1352 979 $aPAOLA$b90$c20100423$lUSA01$h1354 979 $aPAOLA$b90$c20100423$lUSA01$h1534 979 $aPAOLA$b90$c20100423$lUSA01$h1535 979 $aPATRY$b90$c20150123$lUSA01$h1302 996 $aData mining techniques for the life sciences$91126921 997 $aUNISA LEADER 03212nam 2200517 a 450 001 9910961286603321 005 20251116145125.0 035 $a(CKB)1000000000007560 035 $a(SSID)ssj0000674995 035 $a(PQKBManifestationID)11444426 035 $a(PQKBTitleCode)TC0000674995 035 $a(PQKBWorkID)10661468 035 $a(PQKB)10342915 035 $a(MiAaPQ)EBC3239110 035 $a(Au-PeEL)EBL3239110 035 $a(CaPaEBR)ebr10018711 035 $a(OCoLC)166464685 035 $a(BIP)7968519 035 $a(EXLCZ)991000000000007560 100 $a20011207d2001 uh 0 101 0 $aeng 135 $aurcn||||||||| 181 $ctxt 182 $cc 183 $acr 200 04$aThe state of food insecurity in the world 2001 $efood insecurity : when people live with hunger and fear starvation.food insecurity 205 $a3rd ed. 210 $aRome ;$a[Great Britain] $cFood and Agriculture Organization of the United Nations$d2001 215 $avi, 58 p. $cill. (some col.), col. maps 300 $aPrevious ed.: 2000. 311 08$a92-5-104628-X 327 $aIntro -- About this report -- Rallying political will and resources to Ňget back on trackÓ -- Acknowledgements -- Contents -- Reductions in undernourishment over the past decade -- Individual country performances -- Towards more equal access to food -- Nutritional status: indicators for action -- Pathways to food security: options for the poor in Guatemala -- Recent shocks to food security -- HIV/AIDS: a crisis like no other -- Redirecting food assistance to those who need it most -- Supplying safe drinking-water for all -- Seeds of success -- Propagating prosperity -- Improving fish safety and quality in Africa -- Zambian boy revisited -- Commitment, followed by resources and action. 330 $aThe tragedy of hunger in the midst of plenty is still a stark reality in today's world. In virtually every country, there are groups of people who cannot realize their full human potential, either because their diets are inadequate or, because of sickness, their bodies are unable to benefit fully from the food they consume. In the poorest countries, the majority of people are affected by hunger, greatly magnifying the dimensions of other correctable defects in efforts to meet basic human needs. "The State of Food Insecurity in the World" monitors the progress made each year towards fulfilment of the basic right of all human beings to live without fear of hunger or malnutrition. This third issue conveys a mixed message: progress has been made in reducing the absolute number of hungry people in the world, but this is not happening fast enough to achieve the 1996 World Food Summit target - that of halving the number of hungry people by 2015. 606 $aFood supply$zDeveloping countries 606 $aHunger$zDeveloping countries 607 $aDeveloping countries$xEconomic conditions 615 0$aFood supply 615 0$aHunger 676 $a363.8091724 801 0$bMiAaPQ 801 1$bMiAaPQ 801 2$bMiAaPQ 906 $aBOOK 912 $a9910961286603321 996 $aThe state of food insecurity in the world 2001$94473668 997 $aUNINA